| 000 | 00627cam a2200145 4500500 | ||
|---|---|---|---|
| 005 | 20260208002442.0 | ||
| 041 | _afre | ||
| 042 | _adc | ||
| 100 | 1 | 0 |
_aMasset, Claude _eauthor |
| 245 | 0 | 0 | _aMarie-Pierre Julien & Céline Rosselin, eds, Le Sujet contre les objets… tout contre. Ethnographies de cultures matérielles, Paris, Éd. du Cths, 2009, 300 p., notes bibliogr. (« Orientations et méthodes » 15) |
| 260 | _c2011. | ||
| 500 | _a48 | ||
| 786 | 0 | _nL'Homme | 200 | 4 | 2011-11-01 | p. 227e-238e | 0439-4216 | |
| 856 | 4 | 1 | _uhttps://shs.cairn.info/revue-l-homme-2011-4-page-227e?lang=fr&redirect-ssocas=7080 |
| 999 |
_c1646432 _d1646432 |
||